[Event "CZE-chT2A 2223"]
[Site "Czech Republic"]
[Date "2022.12.18"]
[Round "5.8"]
[White "Havlicek, Jiri"]
[Black "Novotny, Josef"]
[Result "0-1"]
[WhiteElo "1847"]
[BlackElo "1900"]
[PlyCount "70"]
[EventDate "2022.10.16"]
[EventType "team-tourn"]
[EventRounds "11"]
[EventCountry "CZE"]
[SourceTitle "EXT 2024"]
[Source "ChessBase"]
[SourceDate "2023.10.10"]
[SourceVersion "1"]
[SourceVersionDate "2023.10.10"]
[SourceQuality "1"]
[WhiteTeam "Budejovice II"]
[BlackTeam "Vysehrad II"]
[WhiteTeamCountry "CZE"]
[BlackTeamCountry "CZE"]

1. d4 d5 2. c4 c6 3. Nc3 Nf6 4. Nf3 Nbd7 5. Bg5 e6 6. e3 Qa5 7. Bxf6 Nxf6 8. cxd5 exd5 9. Bd3 Bb4 10. Qc2 Bg4 11. Nd2 0-0 12. 0-0 Rfe8 13. Rfc1 Bd6 14. Bf5 Qd8 15. Bxg4 Nxg4 16. Nf3 Nf6 17. Rab1 Qd7 18. b4 Rac8 19. Qb3 Ne4 20. Na4 b6 21. Rc2 g5 22. g3 Qf5 23. Kg2 Re6 24. Ng1 g4 25. Nc3 Rh6 26. Rbc1 Qh5 27. Nxe4 Qxh2+ 28. Kf1 dxe4 29. Rxc6 Rxc6 30. Rxc6 Bxg3 31. Rc8+ Kg7 32. fxg3 Rf6+ 33. Ke1 Qxg1+ 34. Kd2 Rf2+ 35. Kc3 Qc1+ 0-1

[Event "Prague Golden op 13th"]
[Site "Prague"]
[Date "2017.07.07"]
[Round "7"]
[White "Husa, Daniel"]
[Black "Novotny, Josef"]
[Result "1/2-1/2"]
[WhiteElo "1602"]
[BlackElo "1738"]
[PlyCount "39"]
[EventDate "2017.07.01"]
[EventType "swiss"]
[EventRounds "9"]
[EventCountry "CZE"]
[SourceTitle "CBM 179 Extra"]
[Source "ChessBase"]
[SourceDate "2017.08.23"]
[SourceVersion "1"]
[SourceVersionDate "2017.08.23"]
[SourceQuality "1"]

1. Nf3 Nf6 2. g3 e6 3. Bg2 Be7 4. 0-0 0-0 5. d4 c5 6. c3 d5 7. Ne5 Nc6 8. Nxc6 bxc6 9. dxc5 Bxc5 10. c4 Ba6 11. cxd5 cxd5 12. Nc3 Rc8 13. Qa4 Bb7 14. Bd2 Bc6 15. Qb3 d4 16. Bxc6 dxc3 17. Bb7 cxd2 18. Bxc8 Qxc8 19. Rad1 Rd8 20. Qf3 1/2-1/2

[Event "Prague Golden op 13th"]
[Site "Prague"]
[Date "2017.07.03"]
[Round "3"]
[White "Barton, Milan"]
[Black "Novotny, Josef"]
[Result "0-1"]
[WhiteElo "1823"]
[BlackElo "1738"]
[PlyCount "91"]
[EventDate "2017.07.01"]
[EventType "swiss"]
[EventRounds "9"]
[EventCountry "CZE"]
[SourceTitle "CBM 179 Extra"]
[Source "ChessBase"]
[SourceDate "2017.08.23"]
[SourceVersion "1"]
[SourceVersionDate "2017.08.23"]
[SourceQuality "1"]

1. e4 c5 2. Nf3 Nc6 3. d4 cxd4 4. Nxd4 Nf6 5. f3 a6 6. c4 Qb6 7. Nb3 d6 8. Nc3 e6 9. Bd2 Bd7 10. Na4 Qa7 11. Nc3 Be7 12. Qe2 0-0 13. Be3 b6 14. Qf2 Rab8 15. Be2 Rfc8 16. f4 d5 17. exd5 exd5 18. cxd5 Nb4 19. Rc1 Nbxd5 20. Nxd5 Rxc1+ 21. Bxc1 Nxd5 22. 0-0 Ba4 23. Qf3 Nf6 24. Qd3 Bb5 25. Qf3 Bd7 26. h3 Be6 27. Kh2 Bd5 28. Qd3 b5 29. Be3 Qa8 30. Bf3 Bxf3 31. Rxf3 Rd8 32. Qc2 Qd5 33. Bb6 Re8 34. Rc3 Qa8 35. Qf5 Nd5 36. Bd4 Nxc3 37. Bxc3 Qc8 38. Qd5 Rd8 39. Qe4 Bf8 40. Nd2 Re8 41. Qd5 b4 42. Be5 Rd8 43. Qc4 Qxc4 44. Nxc4 f6 45. Bc7 Rc8 46. g3 0-1

[Event "Prague Summer op-B 3rd"]
[Site "Prague"]
[Date "2016.08.11"]
[Round "8"]
[White "Novotny, Josef"]
[Black "Plasek, Zdenek"]
[Result "0-1"]
[WhiteElo "1527"]
[BlackElo "2066"]
[PlyCount "98"]
[EventDate "2016.08.05"]
[EventType "swiss"]
[EventRounds "9"]
[EventCountry "CZE"]
[SourceTitle "CBM 173 Extra"]
[Source "ChessBase"]
[SourceDate "2016.08.29"]
[SourceVersion "1"]
[SourceVersionDate "2016.08.29"]
[SourceQuality "1"]

1. a3 g6 2. c4 c5 3. Nf3 Nc6 4. d4 cxd4 5. Nxd4 Bg7 6. e3 Qb6 7. Nb3 Nf6 8. Nc3 d6 9. Be2 Be6 10. e4 Ng4 11. 0-0 Bxc3 12. bxc3 Nge5 13. Be3 Qc7 14. Nd2 h5 15. Bd4 0-0 16. Kh1 Nxd4 17. cxd4 Nxc4 18. Rc1 b5 19. d5 Bd7 20. Bxc4 bxc4 21. Rxc4 Qa5 22. a4 Rfc8 23. Rd4 Rc3 24. f4 Qb6 25. Nf3 Rac8 26. Qa1 Bg4 27. Rdd1 Bxf3 28. gxf3 Qe3 29. Qb2 Rc2 30. Qd4 Qxf4 31. Rf2 Rc1 32. Rdf1 Rxf1+ 33. Rxf1 Rc2 34. Rf2 Qc1+ 35. Kg2 Qg5+ 36. Kh3 Rc5 37. Rb2 Qf6 38. Qxf6 exf6 39. Rb7 Ra5 40. Rb4 Kg7 41. f4 f5 42. e5 Rxd5 43. exd6 Rxd6 44. Kh4 Re6 45. Rb7 Re4 46. Rxa7 Rxf4+ 47. Kg3 g5 48. a5 h4+ 49. Kg2 Ra4 0-1

[Event "CZE-chT rap"]
[Site "Pardubice"]
[Date "2016.07.14"]
[Round "1.2"]
[White "Novotny, Josef"]
[Black "Svoboda, Vaclav1111"]
[Result "0-1"]
[WhiteElo "1950"]
[BlackElo "2416"]
[PlyCount "58"]
[EventDate "2016.07.14"]
[EventType "team-swiss"]
[EventRounds "7"]
[EventCountry "CZE"]
[SourceTitle "EXT 2017"]
[Source "ChessBase"]
[SourceDate "2016.10.25"]
[SourceVersion "1"]
[SourceVersionDate "2016.10.25"]
[SourceQuality "1"]
[WhiteTeam "Praha Vysehrad II"]
[BlackTeam "Lysa nad Labem Joly"]
[WhiteTeamCountry "CZE"]
[BlackTeamCountry "CZE"]

1. d4 Nf6 2. c4 e6 3. Nf3 c5 4. d5 b5 5. Bg5 b4 6. g3 exd5 7. cxd5 d6 8. Bg2 Be7 9. 0-0 0-0 10. Re1 Bb7 11. Nh4 h6 12. Bc1 Re8 13. e4 Bf8 14. b3 Nxd5 15. exd5 Rxe1+ 16. Qxe1 Qf6 17. Nc3 bxc3 18. Be3 g5 19. Nf3 Bxd5 20. Qe2 Nd7 21. Rd1 Bc6 22. Ne1 Bxg2 23. Kxg2 a5 24. Qb5 Ra7 25. f4 Qe6 26. Kf2 Nf6 27. Qe2 Re7 28. Rd3 d5 29. fxg5 Ng4+ 0-1

[Event "CZE-ch Seniors 60"]
[Site "Rychnov nad Kneznou"]
[Date "2015.08.15"]
[Round "1"]
[White "Pokorny, Jan"]
[Black "Novotny, Josef"]
[Result "1/2-1/2"]
[WhiteElo "1803"]
[BlackElo "2150"]
[PlyCount "67"]
[EventDate "2015.08.15"]
[EventType "swiss"]
[EventRounds "9"]
[EventCountry "CZE"]
[SourceTitle "EXT 2016"]
[Source "ChessBase"]
[SourceDate "2015.10.08"]
[SourceVersion "1"]
[SourceVersionDate "2015.10.08"]
[SourceQuality "1"]

1. Nf3 e6 2. d4 d6 3. e3 f5 4. b3 Nf6 5. Bb2 Be7 6. Nbd2 0-0 7. Bd3 Nc6 8. c3 d5 9. Ne5 Nxe5 10. dxe5 Ng4 11. Nf3 Bd7 12. h3 Nh6 13. Qc2 a5 14. g4 a4 15. gxf5 Nxf5 16. Nd4 Nxe3 17. Bxh7+ Kh8 18. fxe3 Bh4+ 19. Kd1 Qg5 20. Qg6 Rf2 21. Qxg5 Bxg5 22. Bc2 c5 23. Ne2 Bxe3 24. Bc1 d4 25. Bxe3 dxe3 26. Ke1 Raf8 27. Rd1 Bc6 28. Rg1 Bg2 29. Nf4 Rxc2 30. Rxg2 Rxg2 31. Nxg2 Rf2 32. Nxe3 Rxa2 33. bxa4 Rxa4 34. Rb1 1/2-1/2

[Event "Rychnov Seniors op"]
[Site "Rychnov nad Kneznou"]
[Date "2012.08.26"]
[Round "7"]
[White "Sramek, Josef"]
[Black "Novotny, Josef"]
[Result "0-1"]
[WhiteElo "2070"]
[BlackElo "2100"]
[PlyCount "66"]
[EventDate "2012.08.20"]
[EventType "swiss"]
[EventRounds "9"]
[EventCountry "CZE"]
[SourceTitle "CBM 150 Extra"]
[Source "ChessBase"]
[SourceDate "2012.10.19"]
[SourceVersion "1"]
[SourceVersionDate "2012.10.19"]
[SourceQuality "1"]

1. e4 e6 2. d4 d6 3. Nc3 Nf6 4. Be3 Be7 5. f3 0-0 6. Qd2 Nbd7 7. 0-0-0 c5 8. Nge2 b5 9. g4 b4 10. Nb1 e5 11. d5 Nb6 12. Ng3 Bb7 13. g5 Nfxd5 14. exd5 Nxd5 15. Nf5 Nxe3 16. Nxe7+ Qxe7 17. Qxe3 d5 18. Re1 Rfe8 19. Bb5 d4 20. Qd2 Red8 21. Rhf1 Bd5 22. h4 Rab8 23. Qd3 Bxa2 24. f4 Qb7 25. Bc4 e4 26. Bxf7+ Qxf7 27. Qxe4 Re8 28. Qf3 Bd5 29. Qf2 Bc4 30. Rg1 Qf5 31. h5 Bf7 32. h6 Bg6 33. Qd2 c4 0-1

[Event "CZE-chT2D 1112"]
[Site "Czech Republic"]
[Date "2012.02.05"]
[Round "7"]
[White "Novotny, Josef"]
[Black "Jelinek, Milan"]
[Result "1-0"]
[WhiteElo "2130"]
[BlackElo "2069"]
[PlyCount "75"]
[EventDate "2011.10.09"]
[EventType "team-tourn"]
[EventRounds "11"]
[EventCountry "CZE"]
[SourceTitle "EXT 2013"]
[Source "ChessBase"]
[SourceDate "2012.11.22"]
[SourceVersion "1"]
[SourceVersionDate "2012.11.22"]
[SourceQuality "1"]
[WhiteTeam "Rychnov nad Kneznou"]
[BlackTeam "Zajecice"]
[WhiteTeamCountry "CZE"]
[BlackTeamCountry "CZE"]

1. e3 d5 2. d3 c5 3. Nf3 Nc6 4. Nbd2 e5 5. c3 Nf6 6. e4 d4 7. c4 Bd6 8. Be2 0-0 9. h3 a6 10. g4 Be6 11. Nh4 b5 12. b3 Nd7 13. Nf5 Nb6 14. Nf3 f6 15. Ng3 Ne7 16. g5 f5 17. exf5 Bxf5 18. Nh4 g6 19. Bf3 Rb8 20. Be4 Qd7 21. Bxf5 Nxf5 22. Ngxf5 Rxf5 23. Nxf5 gxf5 24. Qh5 Qf7 25. Qxf7+ Kxf7 26. f3 Kg6 27. a4 bxc4 28. bxc4 Nd7 29. Ra2 Rb3 30. Ke2 Be7 31. h4 Bd8 32. h5+ Kg7 33. Bd2 Nb8 34. Raa1 Nc6 35. Rhb1 Na5 36. Bxa5 Rxb1 37. Rxb1 Bxa5 38. Rb7+ 1-0

[Event "CZE-chT2D 1112"]
[Site "Czech Republic"]
[Date "2011.11.06"]
[Round "2"]
[White "Ptacek, Lubos"]
[Black "Novotny, Josef"]
[Result "0-1"]
[WhiteElo "2065"]
[BlackElo "2130"]
[PlyCount "104"]
[EventDate "2011.10.09"]
[EventType "team-tourn"]
[EventRounds "11"]
[EventCountry "CZE"]
[SourceTitle "EXT 2013"]
[Source "ChessBase"]
[SourceDate "2012.11.22"]
[SourceVersion "1"]
[SourceVersionDate "2012.11.22"]
[SourceQuality "1"]
[WhiteTeam "Vysoke Myto"]
[BlackTeam "Rychnov nad Kneznou"]
[WhiteTeamCountry "CZE"]
[BlackTeamCountry "CZE"]

1. e4 e6 2. d4 d6 3. Bd3 g6 4. Nf3 Bg7 5. 0-0 Nh6 6. Nbd2 f6 7. Nc4 Nf7 8. Re1 e5 9. c3 0-0 10. Be3 c6 11. dxe5 fxe5 12. Qc2 Be6 13. b4 b6 14. a4 Nd7 15. Red1 Qe7 16. Qd2 d5 17. Na3 Rad8 18. Qc2 Nf6 19. Ng5 Ng4 20. Nxe6 Qxe6 21. Qe2 Nxe3 22. Qxe3 Bh6 23. Qe2 Qf6 24. Nc2 Nd6 25. f3 Kh8 26. Ne3 Qf4 27. Ng4 Bg7 28. Qe3 h5 29. Qxf4 exf4 30. Nf2 Bxc3 31. exd5 Bxa1 32. Rxa1 cxd5 33. Bxg6 h4 34. Nd3 Kg7 35. Bh5 Kh6 36. Bg4 Rde8 37. Kf2 Nc4 38. g3 fxg3+ 39. hxg3 Ne3 40. Bd7 hxg3+ 41. Kxg3 Re7 42. Rh1+ Kg7 43. Bh3 Ref7 44. f4 Rc7 45. Kf3 Nc2 46. Rg1+ Kf6 47. Rg5 Re8 48. Ne5 Rc3+ 49. Kg2 Ne1+ 50. Kf1 Rxh3 51. Kxe1 Rh4 52. Rg6+ Kf5 0-1

[Event "Nachod op 9th"]
[Site "Nachod"]
[Date "2011.07.07"]
[Round "6.35"]
[White "Vacek, Jaroslav"]
[Black "Novotny, Josef"]
[Result "0-1"]
[WhiteElo "1684"]
[BlackElo "2143"]
[PlyCount "54"]
[EventDate "2011.07.02"]
[EventType "swiss"]
[EventRounds "9"]
[EventCountry "CZE"]
[SourceTitle "EXT 2012"]
[Source "ChessBase"]
[SourceDate "2011.11.24"]
[SourceVersion "1"]
[SourceVersionDate "2011.11.24"]
[SourceQuality "1"]

1. e4 e6 2. d4 d6 3. Nf3 g6 4. Bg5 f6 5. Be3 Nh6 6. h3 Bg7 7. c3 c6 8. Qd2 Nf7 9. Na3 b6 10. Nc2 Bb7 11. Bc4 Qe7 12. Qe2 d5 13. exd5 exd5 14. Bd3 0-0 15. 0-0 Re8 16. Qd1 Nd6 17. Nd2 Nd7 18. Re1 Qf8 19. Bf4 f5 20. f3 Nf6 21. Rxe8 Rxe8 22. Be5 Nh5 23. Bxg7 Qxg7 24. Nf1 c5 25. Nfe3 cxd4 26. cxd4 Rxe3 27. Nxe3 Qxd4 0-1

[Event "Nachod op 9th"]
[Site "Nachod"]
[Date "2011.07.04"]
[Round "3.36"]
[White "Novotny, Josef"]
[Black "Dusbaba, Petr"]
[Result "1-0"]
[WhiteElo "2143"]
[BlackElo "1835"]
[PlyCount "67"]
[EventDate "2011.07.02"]
[EventType "swiss"]
[EventRounds "9"]
[EventCountry "CZE"]
[SourceTitle "EXT 2012"]
[Source "ChessBase"]
[SourceDate "2011.11.24"]
[SourceVersion "1"]
[SourceVersionDate "2011.11.24"]
[SourceQuality "1"]

1. e3 e5 2. d3 d5 3. Nf3 Bd6 4. Nbd2 Nf6 5. Be2 c5 6. e4 Nc6 7. c3 h6 8. Qc2 Bd7 9. a3 d4 10. Nc4 Bc7 11. a4 a6 12. a5 Be6 13. cxd4 Bxc4 14. Qxc4 Bxa5+ 15. Kf1 cxd4 16. b4 Bc7 17. Qb3 0-0 18. g4 Qe7 19. Bd2 Qe6 20. Qb1 Nxg4 21. h3 Nf6 22. Nh4 Ne7 23. Bd1 Kh7 24. Bb3 Qd7 25. Qd1 Ne8 26. Qh5 Nd6 27. Ke2 Ng6 28. Rag1 Nf4+ 29. Bxf4 exf4 30. Rg2 Qb5 31. Bd5 Rae8 32. Rhg1 Rxe4+ 33. Bxe4+ f5 34. Rxg7+ 1-0

[Event "Rychnov op"]
[Site "Rychnov nad Kneznou"]
[Date "2010.08.27"]
[Round "5"]
[White "Lorenc, Oldrich"]
[Black "Novotny, Josef"]
[Result "0-1"]
[WhiteElo "2104"]
[BlackElo "2134"]
[PlyCount "84"]
[EventDate "2010.08.23"]
[EventType "swiss"]
[EventRounds "7"]
[EventCountry "CZE"]
[SourceTitle "CBM 138 Extra"]
[Source "ChessBase"]
[SourceDate "2010.10.29"]
[SourceVersion "1"]
[SourceVersionDate "2010.10.29"]
[SourceQuality "1"]

1. e4 e6 2. d4 d6 3. Be3 Nf6 4. Nc3 Nbd7 5. Be2 Be7 6. f4 0-0 7. Bf3 e5 8. Nge2 b6 9. 0-0 Bb7 10. Ng3 Re8 11. Qd2 Bf8 12. fxe5 dxe5 13. d5 Bc5 14. Kh1 Bxe3 15. Qxe3 Rf8 16. Rad1 Ne8 17. Be2 a6 18. Rf2 g6 19. Qh6 Nd6 20. Rdf1 b5 21. a3 Qe7 22. Bg4 a5 23. Bxd7 Qxd7 24. Nh5 f5 25. Qg5 Qd8 26. Qg3 f4 27. Nxf4 Rxf4 28. Rxf4 exf4 29. Rxf4 b4 30. Ne2 bxa3 31. bxa3 Qe7 32. Nc3 Nc4 33. h4 Ne5 34. Ne2 Bc8 35. Qb3 Qd6 36. g3 a4 37. Qe3 Bg4 38. Nd4 Rb8 39. Nc6 Nxc6 40. Rxg4 Ne5 41. Rg5 Nf7 42. Rg4 Qd7 0-1

[Event "Rychnov op"]
[Site "Rychnov nad Kneznou"]
[Date "2010.08.25"]
[Round "3"]
[White "Jirasek, Jiri"]
[Black "Novotny, Josef"]
[Result "0-1"]
[WhiteElo "1941"]
[BlackElo "2134"]
[PlyCount "62"]
[EventDate "2010.08.23"]
[EventType "swiss"]
[EventRounds "7"]
[EventCountry "CZE"]
[SourceTitle "CBM 138 Extra"]
[Source "ChessBase"]
[SourceDate "2010.10.29"]
[SourceVersion "1"]
[SourceVersionDate "2010.10.29"]
[SourceQuality "1"]

1. d4 d6 2. e4 e6 3. Nc3 Nf6 4. Be3 Nc6 5. f3 Be7 6. Qd2 0-0 7. 0-0-0 a6 8. g4 b5 9. h4 e5 10. Nge2 Rb8 11. Nd5 b4 12. h5 Nxd5 13. exd5 b3 14. cxb3 Nb4 15. Nc3 exd4 16. Bxd4 c5 17. dxc6 Be6 18. Bc4 d5 19. Be2 Nxc6 20. Kb1 Rb4 21. Bf2 d4 22. Ne4 a5 23. Rc1 Qa8 24. Bc4 a4 25. Bxe6 fxe6 26. Nc5 axb3 27. Nxb3 Rxb3 28. Rxc6 Rbxf3 29. Rhc1 Rxf2 30. Qd3 Bg5 31. Ra6 Qb7 0-1

[Event "CZE-chT2D 0910"]
[Site "Czech Republic"]
[Date "2010.04.18"]
[Round "11.6"]
[White "Novotny, Josef"]
[Black "Hruska, Ondrej"]
[Result "1-0"]
[WhiteElo "2124"]
[BlackElo "1910"]
[PlyCount "29"]
[EventDate "2009.10.18"]
[EventType "team-tourn"]
[EventRounds "11"]
[EventCountry "CZE"]
[SourceTitle "EXT 2012"]
[Source "ChessBase"]
[SourceDate "2011.11.24"]
[SourceVersion "1"]
[SourceVersionDate "2011.11.24"]
[SourceQuality "1"]
[WhiteTeam "Rychnov nad Kneznou"]
[BlackTeam "Pelhrimov"]
[WhiteTeamCountry "CZE"]
[BlackTeamCountry "CZE"]

1. e3 d5 2. d3 Nf6 3. Nf3 Bg4 4. Be2 e6 5. b3 Bd6 6. Bb2 Nbd7 7. Nbd2 0-0 8. h3 Bh5 9. g4 Bg6 10. Rg1 c5 11. h4 h5 12. gxh5 Nxh5 13. Ng5 Ndf6 14. Nxe6 fxe6 15. Rxg6 1-0